000 00474nam a2200181Ia 4500
008 100917s9999 xx 000 0 und d
082 _b33180
100 _a---
245 _aअमृतवाणी
260 _bरामकृष्ण आश्रम
300 _a91
365 _b0.5
520 _aअध्यात्म
630 _aअमृतवाणी
650 _aअध्यात्म
730 _aअमृतवाणी
942 _cBOOK
999 _c638574
_d638571